Darbe tutanakları (Kayıt no. 8112)

MARC ayrıntıları
000 -BAŞLIK
Sabit Uzunlukta Kontrol Alanı 00993na a2200301 4500
001 - KONTROL NUMARASI
Denetim Alanı 23430
003 - KONTROL NUMARASI IDENTIFIER
Denetim Alanı MIRAKIL
005 - SON İŞLEM TARİHİ VE ZAMANI
Denetim Alanı 20181213155200.0
008 - SABİT-BOY VERİ ELEMANLARI - GENEL BİLGİLER
Sabit Uzunlukta Kontrol Alanı 170926b tu 000 0
020 ## - ULUSLARARASI STANDART KİTAP NUMARASI
Uluslararası Standart Kitap Numarası 9789944963466
040 ## - KATALOGLAMA KAYNAK
Orijinal Kataloglama Ajansı Milas
Kataloglama Dili tur
Metne Dönüştürmek Ajansı TR-AnCHP
041 ## - DİL KODU
Metin / Ses Parça Veya Ayrı Başlığın Dil Kodu tur
082 ## - DEWEY ONLU SINIFLANDIRMA NUMARASI
Sınıflandırma Numarası 347.075
Ürün Numarası D26 2012
090 ## - SINIFLAMA NUMARASI
Sınıflama Numarası 347.075 D26 2012
245 ## - BAŞLIK TABLOSU
Başlık Darbe tutanakları
Başlığın Kalan İsmail Hakkı Karadayı
-- Hilmi Özkök
-- Yaşar Büyükanıt
Sorumluluk Tablosu, Vb yayına hazırlayanlar Veli Özdemir, Mahmut Altınöz
260 ## - YAYIN, DAĞITIM, VB
Yayın, Dağıtım, Vb Yeri Ankara
Yayıncı, Dağıtıcı, Vs Adı Anka-ha Yayınları
Yayın, Dağıtım, Vb Tarihi 2012
300 ## - FİZİKSEL TANIM
Kapsam 240 s.
Boyutlar 20 sm.
504 ## - KAYNAKÇA VB NOT
Kaynakça Vb Notu Dizin var.
600 ## - KONU KATMA GİRİŞ - KURUMSAL ADI
Kişisel Ad Büyükanıt, Yaşar
Genel Alt Bölümü Askeri darbeler
600 ## - KONU KATMA GİRİŞ - KURUMSAL ADI
Kişisel Ad Özkök, Hilmi
Genel Alt Bölümü Askeri darbeler
600 ## - KONU KATMA GİRİŞ - KURUMSAL ADI
Kişisel Ad Karadayı, İsmail Hakkı
Genel Alt Bölümü Askeri darbeler
650 ## - KONU KATMA GİRİŞ - TOPİKAL DÖNEM
Topikal Süreli Veya Coğrafi Ad Giriş Elemanı Meclis soruşturmaları
Genel Alt Bölümü Askeri darbeler
651 ## - KONU KATMA GİRİŞ - COĞRAFİ ADI
Coğrafi İsim Türkiye
Genel Alt Bölümü Askeri darbeler
651 ## - KONU KATMA GİRİŞ - COĞRAFİ ADI
Coğrafi İsim Türkiye
Genel Alt Bölümü Siyaset ve yönetim
Kronolojik Alt Bölümü 1980-
700 ## - KATMA GİRİŞ - KİŞİSEL İSİM
Kişisel Ad Özdemir, Veli
700 ## - KATMA GİRİŞ - KİŞİSEL İSİM
Kişisel Ad Altınöz, Mahmut
942 ## - EKLENDİ GİRİŞ ELEMANLARI (KOHA)
Sınıflandırma Veya Raf Düzeni Kaynak Dewey Decimal Classification
Koha Öğesi Türü Kitaplar
999 ## - SİSTEM KONTROL NUMARALARI (KOHA)
Koha Biblionumber 8112
Koha Biblioitemnumber 8112
Mevcut
Kalıcı Konum Mevcut Konum Edinme Tarihi Edinim Kaynak Toplam Check-Out'Lar Tam Çağrı Numarası Barkod Tarih Son Görülme İtibaren Geçerli Fiyatlar Koha Öğesi Türü
CHP Kütüphanesi CHP Kütüphanesi 09/26/2017 Bağış   347.075 D26 2012 017414 09/26/2017 09/26/2017 Kitaplar